Apuntes para una biblioteca de escritoras españolas desde el año 1401 al 1833 / (Record no. 165260)

MARC details
000 -LEADER
campo de control de longitud fija 00918nam a22002175i 4500
001 - NÚMERO DE CONTROL
campo de control 165260
003 - IDENTIFICADOR DE NÚMERO DE CONTROL
campo de control ES-MaACL
005 - FECHA Y HORA DE LA ÚLTIMA TRANSACCIÓN
campo de control 20250915063101.0
008 - DATOS DE LONGITUD FIJA--INFORMACIÓN GENERAL
campo de control de longitud fija 990701m19031905sp |||| | spa d
040 ## - FUENTE DE CATALOGACIÓN
Centro catalogador/agencia de origen GA
Lengua de catalogación spa
Centro/agencia transcriptor CCPB | 3D
100 1# - ENTRADA PRINCIPAL--NOMBRE DE PERSONA
Nombre de persona Serrano y Sanz, Manuel,
Fechas asociadas al nombre 1868-1932
9 (RLIN) 105809
245 10 - MENCIÓN DEL TÍTULO
Título Apuntes para una biblioteca de escritoras españolas desde el año 1401 al 1833 /
Mención de responsabilidad, etc. por Manuel Serrano y Sanz.
260 ## - PUBLICACIÓN, DISTRIBUCIÓN, ETC.
Lugar de publicación, distribución, etc. [S.l. :
Nombre del editor, distribuidor, etc. s.n.,
Fecha de publicación, distribución, etc. s.a.] (
Lugar de fabricación/manufactura Madrid :
Fabricante Estab. tip. "Sucesores de Rivadeneyra",
Fecha de fabricación/manufactura 1903-1905)
300 ## - DESCRIPCIÓN FÍSICA
Extensión 2 v. ;
Dimensiones 28 cm.
500 #1 - NOTA GENERAL
Nota general En port. : Obra premiada por la Biblioteca Nacional en el concurso público de 1898.
597 #1 - NOTA DE DESCRIPCIÓN FÍSICA
NOTA DE DESCRIPCIÓN FÍSICA T. I (XI, 695 p., [2] h.). T. II (714 p., [2] h.)
752 ## - ENTRADA AGREGADA--NOMBRE JERÁRQUICO DEL LUGAR
País o entidad superior España -
Ciudad Madrid
852 ## - LOCALIZACIÓN
Ubicación ES-MaACL
Número de control de estantería B-3404-3405
Nota libre -- Enc. pasta española y hol.
852 ## - LOCALIZACIÓN
Ubicación ES-MaACL
Número de control de estantería C-1727-1728
Nota libre -- Enc. pasta española
Holdings
Estatus retirado Estado de pérdida Estado de daño No para préstamo Biblioteca de origen Biblioteca actual Ubicación en estantería Fecha de adquisición Fuente de adquisición Total de préstamos Signatura topográfica completa Código de barras Visto por última vez Precio de reemplazo Tipo de ítem Koha
        Biblioteca del Ateneo de Madrid Biblioteca del Ateneo de Madrid Sala Palomar 17/01/2008     C-1727-1728 1173294 23/02/2023 23/02/2023 Libro impreso
        Biblioteca del Ateneo de Madrid Biblioteca del Ateneo de Madrid Sala Pardo Bazán 17/01/2008     B-3404-3405 1173293 23/02/2023 23/02/2023 Libro impreso